Divadlo ako posvätný chrám herec musí hrať. Inak je smutný, nešťastný

Bibliographic Details
Main Authors: Synaková, Ľudmila (ain), Kuffelová, Daniela, 1965- (Author, uin)
Format: Article
Language:Slovak
PhysicalDescription:Fotogr.
ISSN:1335-4698
Subjects:

MARC

LEADER 00000nab a2200000 a 4500
001 vtls000724261
003 SK-MaSNL
005 20260302195652.0
008 180205c2000 xo 0 slo
015 |a SNBRB2000/06-16502 
035 |a CLN000076425 
040 |a SNKBUCL  |b slo  |c SNKBUCL  |e AACR2 
041 0 |a slo 
044 |a xo  |c SK 
080 |a 792.071.2  |2 UDC-MRF-SK2 
100 1 |a Synaková, Ľudmila  |4 ain  |9 266206 
245 1 0 |a Divadlo ako posvätný chrám  |b herec musí hrať. Inak je smutný, nešťastný  |c Ľudmila Synaková, Daniela Kuffelová 
300 |b Fotogr. 
600 1 7 |a Kuffelová, Daniela,  |d 1965-  |2 snkbucl  |9 17706 
655 7 |a články z novín a časopisov  |2 snkbucl  |9 267496 
700 1 |a Kuffelová, Daniela,  |d 1965-  |4 aut  |4 uin  |9 17706 
773 0 |x 1335-4698  |t Slovenská republika víkend  |g Roč. 8[7], č. 19 (2000), s. 17/IX 
850 |a Slovenská národná knižnica v Martine 
852 |a SNK  |b KIS3GCP 
958 |a RBX 
999 |c 1453513  |d 1455443